000 00695nam a2200217Ia 4500
001 17050
003 GE_BSU
008 181216s||||||||xx |||||||||||||| ||und||
040 _cGE_BSU
080 _a82-93:821.161.1-31
100 _aოსტროვსკი, ნ.
245 _aროგორ იწრთობოდა ფოლადი
245 _bრომანი
245 _cთარგმ. როდიონ ქორქიამ
260 _aთბილისი
260 _bსაბლიტგამი
260 _c1956
300 _a384 გვ. : ილ. ; 22 სმ
653 _aროგორ იწრთობოდა ფოლადი
942 _cBK
999 _c50112
_d50112